Statistics for Most popular sports by country

Click here to take the quiz!

General Stats

  • This quiz has been taken 1,069 times
  • The average score is 6 of 13

Answer Stats

HintAnswer% Correct
Almost whole WorldFootball
99%
USAAmerican football
94%
AustraliaCricket
62%
New ZealandRugby
56%
LithuaniaBasketball
46%
ChinaTable tennis
43%
AustriaSkiing
41%
FinlandIce hockey
39%
VenezuelaBaseball
31%
IrelandGaelic football
21%
MongoliaWrestling
17%
BhutanArchery
9%
CambodiaKick boxing
4%

Score Distribution

Percentile by Number Answered

Percent of People with Each Score

Your Score History

You have not taken this quiz